Представление документа в формате RUSMARC

ПолеНазваниеЗначение
  Тип записи a
  Библиографический уровень m
001 Контрольный номер RU/CBS_UL/BASE/b87b5bdd4f104c1cb36ea70710e093cc
005 Дата корректировки 20260209113800.5
010 Индекс ISBN __
d Цена 30 к.
9 Тираж 25 000 экз.
100 Данные общей обработки __
a Данные общей обработки 20260209d 0rusy0189## ca
101 Язык документа 0_
a Язык текста rus
102 Страна публикации __
a Страна публикации RU
200 Заглавие и сведения об ответственности 1_
a Заглавие Красногорский бастион
e Сведения, относящиеся к заглавию популярный исторический очерк
f Первые сведения об ответственности П. Е. Мельников
g Последующие сведения об ответственности [лит. обраб. С. А. Зонина]
210 Выходные данные 1_
a Место издания Ленинград
c Издательство Лениздат
d Дата издания 1982
215 Физическое описание __
a Объем 159 с.
c Иллюстрации/тип воспроизводства ил.
d Формат 16 см.
300 Общие примечания __
a Общие примечания 18+
300 Общие примечания __
a Общие примечания Под инв. номером 2189: Цс-1
606 Тематические рубрики 0_
a Основная рубрика История отдельных народов и местностей
610 Ключевые слова 0_
a Ключевые слова военная история; ВОВ; очерки исторические; форт Красная горка; Ораниенбаумский плацдарм; Ленинградская область
686 Индексы других классификаций __
2 Код системы rubbk
a Классификационный индекс 63.3(2...)
700 Автор _1
a Фамилия Мельников
b Имя (инициалы) П. Е.
g Полное личное имя Петр Егорович
801 Источник записи _0
a Страна RU
b Организация МБУК ЦБС г. Ульяновска
c Дата составления 20260209
g Правила каталогизации RCR
801 Источник записи _1
a Страна RU
b Организация МБУК ЦБС г. Ульяновска
c Дата составления 20260209
g Правила каталогизации RCR
852 Данные о местонахождении __
i Авторский знак М 48
j Шифр хранения 63.3(2...)
901 Тип документа __
t Тип документа m
909 Создатель записи __
a Создатель записи obr6
b Дата создания записи 20260209